Statistics for Asian Geography by Letter - C

Click here to take the quiz!

General Stats

  • This quiz has been taken 33,120 times
  • The average score is 10 of 18

Answer Stats

ClueAnswer% Correct
Country of 1.3 billion peopleChina
99%
Island country that some consider
to be part of Europe
Cyprus
88%
Country in IndochinaCambodia
82%
Former name of KolkataCalcutta
82%
Former name of IstanbulConstantinople
81%
Chinese dialect spoken in GuangzhouCantonese
72%
Former name of Sri LankaCeylon
62%
Term for a person from that countryCypriot
62%
Mountain range that divides
Europe and Asia
Caucasus
60%
World's largest "lake"Caspian Sea
59%
Indian city formerly called MadrasChennai
46%
Flower celebrated by the Japanese,
who call it sakura
Cherry
Blossom
44%
Capital of Sichuan in southwest ChinaChengdu
27%
Second city of BangladeshChittagong
23%
Largest city in Northern ThailandChiang Mai
23%
Second city of the PhilippinesCebu
22%
Provisional capital of China during WWIIChongqing
18%
Former name of the island of SulawesiCelebes
15%

Score Distribution

Percentile by Number Answered

Percent of People with Each Score

Your Score History

You have not taken this quiz